Sports Quiz

Random Sports or NHL Quiz
Score 0/21 Timer 03:00
0 Plays Today
Position Player % Correct
C1Auston Matthews
98.9%
RW1Mitch Marner
98.9%
C2John Tavares
98.3%
Scratched/InjuredRasmus Sandin, Jake Muzzin, Morgan Rielly, Cody Ceci, Ilya Mikheyev, Andreas Johnsson
96%
LW2William Nylander
95.4%
G1Frederik Andersen
87.4%
RW3Kasperi Kapanen
86.3%
LW1Zach Hyman
84.6%
RD1Tyson Barrie
74.3%
G2Jack Campbell
69.1%
C3Jason Spezza
65.1%
Position Player % Correct
LD2Travis Dermott
64%
RD2Justin Holl
61.7%
LD1Martin Marincin
53.7%
RW2Alexander Kerfoot
53.7%
LW3Kyle Clifford
52%
C4Frederik Gauthier
50.9%
LW4Pierre Engvall
49.7%
RW4Denis Malgin
45.7%
RD3Timothy Liljegren
42.9%
LD3Calle Rosen
38.9%
Come Together.
Have Fun.
All Virtual.
We all need to come together. Play Sporcle's virtual live trivia to have fun, connect with people, and get your trivia on. Join a live hosted trivia game for your favorite pub trivia experience done virtually. If a virtual private party is more your thing, go here for details.

You're not logged in!

Compare scores with friends on all Sporcle quizzes.
OR
Log In

Sporcle TV

Today on Sporcle TV


Watch our educational content, quiz creation guides, and fun videos on Sporcle TV.

Show Comments

Extras

Top Quizzes Today


Score Distribution

Paid Content

Your Account Isn't Verified!

In order to create a playlist on Sporcle, you need to verify the email address you used during registration. Go to your Sporcle Settings to finish the process.

Report this User

Report this user for behavior that violates our Community Guidelines.

Details: